Kadra rep. Anglii na mundial 2018 - Statystyki

Ogólne statystyki
  • Ten quiz został rozwiązany 265 razy
  • Średni wynik to 15 z 24
Statystyki odpowiedzi
pozycja # klub piłkarz % Poprawnych
N 9 Tottenham Harry Kane
96%
B 1 Everton Jordan Pickford
95%
N 11 Leicester Jamie Vardy
88%
O 2 Man City Kyle Walker
88%
O 5 Man City John Stones
84%
N 19 Man Utd Marcus Rashford
82%
O 6 Leicester Harry Maguire
81%
P 8 Liverpool Jordan Henderson
81%
N 10 Man City Raheem Sterling
78%
B 23 Burnley Nick Pope
70%
P 20 Tottenham Dele Alli
69%
O 22 Liverpool Trent Alexander Arnold
68%
B 13 Stoke Jack Butland
62%
P 4 Tottenham Eric Dier
61%
O 12 Tottenham Kieran Trippier
60%
selekcjoner - - Gareth Southgate
56%
O 3 Tottenham Danny Rose
54%
P 7 Man Utd Jesse Lingard
53%
O 16 Man Utd Phil Jones
51%
O 15 Chelsea Gary Cahill
41%
N 14 Arsenal Danny Welbeck
38%
O 18 Man Utd Ashley Young
26%
O 17 Man City Fabian Delph
22%
P 21 Crystal Palace Ruben Loftus Cheek
9%
Nie znaleziono quizów pasujących do podanych kryteriów
Rozkład punktacji
Procent ludzi z każdym wynikiem
Percentyl według liczby udzielonych odpowiedzi
Twoja historia wyników
Nie rozwiązałeś tego quizu